000 02528nam a2200421 i 4500
003 CO-BoRNBP
005 20220317001703.0
007 ta
008 210828s20072016ck ao er 1 spa d spa
020 _a9588203279
020 _a9589608671
040 _aCO-BoRNBP
_bspa
_erda
_cCO-BoRNBP
041 0 _aspa
082 0 4 _a632.6
_bC65
_223
245 0 0 _aControl de plagas y enfermedades en los cultivos
_cColaboradores Instituto Colombiano Agropecuario. ICA, Guillermo A. León M. (y otros cuarenta y dos) ; fotografía Jack K. clark, Sonia Patricia Tapias T., Felipe Durán Ramírez, María Helena Delgado Gómez
250 _aPrimera edición
264 1 _aBogotá, Colombia
_bGrupo Latino
_c2007
264 4 _c©2016
300 _a768 páginas
_bilustraciones, fotografías a color
_c28 cm
336 _atexto
_btxt
_2rdacontent
337 _asin mediación
_bn
_2rdamedia
338 _avolumen
_bnc
_2rdacarrier
490 0 _aVolvamos al campo
504 _aIncluye referencias bibliográficas
505 0 _tEnemigos naturales
_tControl de plagas
_tManual de detección de moscas de las frutas
_tSignos de las deficiencias nutricionales en cacao
_tPlagas y enfermedades en plátano
_tManejo fitosanitario de enfermedades y plagas en mango
_tManejo fitosanitario de frutales y caducifolios
_tControl de plagas y enfermedades del guanábano
_tControl de enfermedades en melón y papaya
_tControl de plagas y enfermedades en la piña
_tManejo integrado del algodonero con énfasis en picudo
_tPlagas y enfermedades en frutas tropicales
_tEnfermedades de la mora
_tControl de plagas y enfermedades en maíz y sorgo
_tEnfermedades y plagas de las hortalizas
_tEnfermedades del cocotero y la palma de cera Estación de cuarentena cerrada
_tManejo y control de la hormiga loca
_tLa enfermedad del café
_t La enfermedad del café
_tPlagas y enfermedades de la papa
_t Alelopatía
521 _aRecomendado para un público adulto
650 1 7 _aAgricultura
_xEnfermedades y plagas
_2ARMARC
650 1 7 _aControl de plagas
_2ARMARC
650 1 7 _aControl de plagas en plantas
_2ARMARC
650 1 7 _aÁrboles frutales
_xEnfermedades y plagas
_2ARMARC
650 1 7 _aPatología vegetal
_2ARMARC
700 1 _aLeón M., Guillermo A
_ecolaborador
_915569
700 1 _aTapias T., Sonia Patricia
_eFotógrafa
_9204778
700 1 _aRamírez, Tapias T., Felipe Durán
_efotógrafo
_9204779
700 1 _aDelgado Gómez, María Helena
_eFotógrafa
_9204780
710 2 _aInstituto Colombiano Agropecuario
_9204781
942 _2ddc
_cBK
999 _c7774
_d7774